Foundation engineering / (Record no. 1640)
[ view plain ]
| 000 -LEADER | |
|---|---|
| fixed length control field | 00811nac a22002411u 4500 |
| 010 ## - LIBRARY OF CONGRESS CONTROL NUMBER | |
| LC control number | 61009112 |
| 035 ## - SYSTEM CONTROL NUMBER | |
| System control number | (OCoLC)896423 |
| 082 ## - DEWEY DECIMAL CLASSIFICATION NUMBER | |
| Classification number | 624.15 |
| Item number | FOU |
| 090 ## - LOCALLY ASSIGNED LC-TYPE CALL NUMBER (OCLC); LOCAL CALL NUMBER (OCLC) | |
| -- | 1640 |
| -- | 1640 |
| 100 ## - MAIN ENTRY--PERSONAL NAME | |
| Personal name | 20080729 |
| 245 00 - TITLE STATEMENT | |
| Title | Foundation engineering / |
| Statement of responsibility, etc | Edited by G.A. Leonards. |
| 260 ## - PUBLICATION, DISTRIBUTION, ETC. (IMPRINT) | |
| Place of publication, distribution, etc | New York : |
| Name of publisher, distributor, etc | McGraw-Hill,1962. |
| Date of publication, distribution, etc | c1962. |
| 300 ## - PHYSICAL DESCRIPTION | |
| Extent | 1136 p. : |
| Other physical details | ill. ; |
| Dimensions | 24 cm. |
| 440 #0 - | |
| -- | McGraw-Hill civil engineering series |
| 500 ## - GENERAL NOTE | |
| General note | Distributer: Al-Ahram. |
| 500 ## - GENERAL NOTE | |
| General note | One copy Donated from Dr. Mostafa Gouda. |
| 504 ## - BIBLIOGRAPHY, ETC. NOTE | |
| Bibliography, etc | Includes bibliographical references and index. |
| 511 ## - PARTICIPANT OR PERFORMER NOTE | |
| Participant or performer note | Catalogued by: Sara. |
| 650 #0 - SUBJECT ADDED ENTRY--TOPICAL TERM | |
| Topical term or geographic name as entry element | Foundations. |
| 700 1# - ADDED ENTRY--PERSONAL NAME | |
| Personal name | Leonards, G. A. |
| Fuller form of name | (Gerald A.) |
| 942 ## - ADDED ENTRY ELEMENTS (KOHA) | |
| Item type | Book - Borrowing |
| Call number prefix | 624.15FOU |
| Withdrawn status | Item status | Damaged status | Not for loan | Home library | Current library | Shelving location | Date acquired | Source of acquisition | Total Checkouts | Full call number | Barcode | Date last seen | Date last borrowed | Koha item type | Total Renewals |
|---|---|---|---|---|---|---|---|---|---|---|---|---|---|---|---|
| Central Library | Central Library | First floor | 21/11/2006 | Purchase | 1 | 624.15FOU | 000002701 | 15/07/2025 | 09/12/2014 | Book - Borrowing | |||||
| Central Library | Central Library | First floor | 08/03/2011 | Purchase | 2 | 624.15FOU | 000010303 | 15/07/2025 | 02/05/2015 | Book - Borrowing | 2 |